Elevators - Statistics

General Stats
  • This quiz has been taken 22 times
  • The average score is 3 of 14
Answer Stats
Hint Answer % Correct
Otis Series 1
100%
Dover Impulse
50%
Schindler HT
25%
Otis Manual Control
25%
Schindler MT
25%
Otis Blackbutton
13%
Schindler RT
13%
Thyssenkrupp Signa4
13%
Dover Traditional
13%
Otis Compass
0%
Thyssenkrupp Destenation Dispatch
0%
Otis M2
0%
Schindler Miconic 10
0%
Thyssenkrupp Vandal Resistant
0%
No matching quizzes found
Score Distribution
Percent of People with Each Score
Percentile by Number Answered
Your Score History
You have not taken this quiz